000 01273nam a2200337 i 4500
001 13408
003 KOSZ 005
005 20200811094438.0
008 080430s1964 pl a f f 000 0 pol
015 _aPB 1965/1541
040 _aWA N
_cWA N
_dKOSZ 005/RW
080 _a621
100 1 _aNieświatowski, Stefan
_d(1897-1970).
_eAutor
245 1 0 _aIzolacja aparatów i zbiorników do niskich temperatur /
_cStefan Nieświatowski.
260 _aWarszawa :
_bWydawnictwa Naukowo-Techniczne,
_c1964.
300 _a53, [3] strony :
_bilustracje ;
_c24 cm.
336 _aTekst
_btxt
_2rdacontent
337 _aBez urządzenia pośredniczącego
_bn
_2rdamedia
338 _aWolumin
_bnc
_2rdacarrier
380 _aKsiążki.
490 1 _aNowa Technika ;
_vz. 50.
504 _aBibliografia na stronach 52-[54].
521 8 _aDla magistrów inżynierów, inżynierów i słuchaczy wyższych uczelni.
650 4 _aIzolacje
658 _aInżynieria i technika
650 4 _aTechnika niskich temperatur
710 2 _aWydawnictwa Naukowo-Techniczne
_4pbl.
830 0 _aNT Nowa Technika ;
_vz. 50.
856 _uhttp://koha.tu.koszalin.pl/cgi-bin/koha/opac-detail.pl?biblionumber=13408
_yKatalog online BPK
942 _2UKD
_cKS
999 _c13408
_d13408